| 000 | 01358nam a2200361 i 4500 | ||
|---|---|---|---|
| 003 | EG-ScBUE | ||
| 005 | 20231218121532.0 | ||
| 008 | 170711s2011 ua bo f b 000 0bara d | ||
| 017 | _a2010 / 17653 | ||
| 020 | _a9772088568 | ||
| 040 |
_aEG-ScBUE _bara _erda _dEG-ScBUE _cEG-ScBUE |
||
| 043 | _af-ua--- | ||
| 082 | 0 | 4 |
_a962.03 _bغ ب و _222 |
| 100 | 1 |
_aغبور، منير، _eمؤلف. |
|
| 245 | 1 | 0 |
_aمحمد علي باشا : _bعودة الذاكرة المصرية / _cتأليف منير غبور، أحمد عثمان. |
| 250 | _aالطبعة الأولى. | ||
| 264 | 1 |
_aالقاهرة : _bمكتبة مدبولي، _c2011. |
|
| 300 |
_a178 صفحة : _bخرائط، صور (بعضها ملونة) ؛ _c24 سم. |
||
| 336 |
_2rdacontent _aنص _btxt |
||
| 337 |
_aبدون وسيط _2rdamedia _bn |
||
| 338 |
_aمجلد _bnc _2rdacarrier |
||
| 490 | 0 |
_aصفحات من تاريخ مصر ؛ _v60 |
|
| 500 | _aيشتمل على ملحق صور. | ||
| 504 | _aيشتمل على إرجاعات ببليوجرافية. | ||
| 590 | _aسامح | ||
| 600 | 0 | 7 |
_aمحمد علي، _cباشا، _y1769-1849. _2BUEsh |
| 650 | _2BUEsh | ||
| 651 | 7 |
_aمصر _xتاريخ _yمحمد علي، 1805-1849. _2BUEsh |
|
| 653 |
_bGGEN _bBUSBOL _cJuly2017 |
||
| 655 | _vReading book | ||
| 700 | 1 |
_aعثمان، أحمد، _eمؤلف. _920605 |
|
| 942 | _2ddc | ||
| 999 |
_c25024 _d24996 |
||